| 000 | 00900cam a22002775a 4500 | ||
|---|---|---|---|
| 001 | 3998312 | ||
| 005 | 20150603111545.0 | ||
| 008 | 960529t1997 nyua frb 001 0 eng d | ||
| 020 | _a1560723645 | ||
| 020 | _a9781560723646 | ||
| 040 |
_aDLC _cDLC _dDLC _dEG-ScBUE |
||
| 043 | _ad------ | ||
| 082 | 0 | 0 |
_a338.90091724 _222 _bAGU |
| 100 | 1 |
_aAgunga, Robert A. _938073 |
|
| 245 | 1 | 0 |
_aDeveloping the Third World : _ba communication approach / _cRobert A. Agunga. |
| 260 |
_aNew York : _bNova Science Publishers, _cc.1997. |
||
| 300 |
_axx, 346 p. : _bill. ; _c26 cm. |
||
| 500 | _aIndex : p. 341-346 | ||
| 504 | _aBibliography : p. [315]-339. | ||
| 650 | 0 |
_aCommunication in economic development. _2BUEsh _930276 |
|
| 650 | 0 |
_aEconomic development. _2BUEsh |
|
| 651 | 0 |
_aDeveloping countries _xEconomic policy. _2BUEsh |
|
| 653 |
_bCOMAME _cMay2015 |
||
| 655 |
_vreading book _934232 |
||
| 942 | _2ddc | ||
| 999 |
_c19426 _d19398 |
||